| 000 | 02010nam a2200361 i 4500 | ||
|---|---|---|---|
| 001 | 5232270 | ||
| 003 | CZ PrSKC | ||
| 005 | 20260429111724.0 | ||
| 007 | ta | ||
| 008 | 260420s2026 xr g 000 f cze | ||
| 020 | _a9788027924653 | ||
| 040 |
_aABG001 _bcze _erda |
||
| 072 | 7 |
_a821.162.3-3 _xČeská próza _2Konspekt |
|
| 080 |
_a821.162.3-31 _2MRF |
||
| 080 |
_a(0:82-311.6) _2MRF |
||
| 080 |
_a(0:82-312.4) _2MRF |
||
| 100 | 1 |
_aDobrylovský, Jiří, _d1961- _4aut _99485 |
|
| 245 | 1 | 0 |
_aOhavné mordy boleslavské / _cJiří Dobrylovský, Jana Vitoušová |
| 250 | _aVydání první | ||
| 264 | 1 |
_aBrno : _bMOBA, _c2026 |
|
| 300 |
_a267 stran ; _c21 cm |
||
| 520 | 2 |
_aHistorická detektivka, odehrávající se osm let po bitvě u Lipan, která vlastně znamenala ukončení husitských válek. _bV kališnické Mladé Boleslavi, patřící pánovi Jindřichovi z Michalovic, je před domem bohatého kupce Pavla ráno nalezen useknutý prst. Krátce nato je v městském rybníku nalezen zavražděný truhlář Štěpán. Rychtář z jeho vraždy obviní kupce Pavla, jen na základě toho, že Štěpán se kdysi ucházel o současnou Pavlovu manželku Matyldu. Kupec Pavel má však to štěstí, že je v přátelských vztazích s krajským hejtmanem Jiřím z Poděbrad. Pavlova žena Matylda se na Jiřího obrátí a on pověří vyšetřením případu rytíře Lukáše z Velyně. Velmi rychle se začne prokazovat, že obvinění kupce Pavla nelze opřít o žádné důkazy, proto Jindřich z Michalovic jmenuje svého vlastního zmocněnce rytíře Norberta z Malkova, aby na Jiřím iniciované vyšetřování dohlížel... Nakladatelská anotace. |
|
| 655 | 7 | _ačeské romány | |
| 655 | 7 | _ahistorické romány | |
| 655 | 7 | _adetektivní romány | |
| 655 | 9 | _aCzech fiction | |
| 655 | 9 | _ahistorical novels | |
| 655 | 9 | _adetective novels | |
| 700 | 1 |
_aVitoušová, Jana _4aut _920735 |
|
| 710 | 2 |
_aNakladatelství MOBA _4pbl _920521 |
|
| 910 | _aABG508 | ||
| 999 |
_c34243 _d34243 |
||